[Event "GER-chT Lands U20"]
[Site "Berlin"]
[Date "2020.09.30"]
[Round "1.3"]
[White "Musiolik, David"]
[Black "Runte, Moritz"]
[Result "1-0"]
[WhiteElo "2198"]
[BlackElo "2114"]
[PlyCount "93"]
[EventDate "2020.09.29"]
[EventType "team-swiss"]
[EventRounds "7"]
[EventCountry "GER"]
[SourceTitle "CBM 198 Extra"]
[Source "ChessBase"]
[SourceDate "2020.11.30"]
[SourceVersion "1"]
[SourceVersionDate "2020.11.30"]
[SourceQuality "1"]
[WhiteTeam "Rheinland Pfalz U20"]
[BlackTeam "Nordrhein Westfalen U20"]
[WhiteTeamCountry "GER"]
[BlackTeamCountry "GER"]

1. Nf3 d5 2. g3 g6 3. Bg2 Bg7 4. d4 c6 5. 0-0 Nf6 6. Re1 0-0 7. Nc3 Ne4 8. Nxe4 dxe4 9. Ne5 Bf5 10. g4 Be6 11. Bxe4 Nd7 12. Nxd7 Qxd7 13. g5 Qxd4 14. Qxd4 Bxd4 15. c3 Bb6 16. Bc2 Rfd8 17. Bf4 Rd7 18. a4 Rad8 19. Red1 Bg4 20. Kf1 f6 21. Rxd7 Rxd7 22. Rd1 Rxd1+ 23. Bxd1 Kf7 24. Kg2 Bc5 25. Bb3+ Be6 26. Bc2 Bc4 27. e4 a6 28. h4 e5 29. Bd2 Be6 30. f4 exf4 31. Bxf4 fxg5 32. hxg5 Ke7 33. Kf3 Bd6 34. Bxd6+ Kxd6 35. Kf4 a5 36. Bd1 b5 37. Bc2 Bc4 38. Bd1 Be6 39. b4 c5 40. bxc5+ Kxc5 41. axb5 Kxb5 42. Ke5 Bg8 43. Kf6 a4 44. Bxa4+ Kxa4 45. e5 Kb5 46. e6 Kc6 47. e7 1-0

[Event "Pfalz op-A 11th"]
[Site "Neustadt an der Weinstrasse"]
[Date "2020.02.24"]
[Round "7"]
[White "Yi, Danny"]
[Black "Musiolik, David"]
[Result "1/2-1/2"]
[WhiteElo "2286"]
[BlackElo "2124"]
[PlyCount "45"]
[EventDate "2020.02.21"]
[EventType "swiss"]
[EventRounds "9"]
[EventCountry "GER"]
[SourceTitle "CBM 195 Extra"]
[Source "ChessBase"]
[SourceDate "2020.05.31"]
[SourceVersion "1"]
[SourceVersionDate "2020.05.31"]
[SourceQuality "1"]

1. e4 e6 2. d4 d5 3. Nd2 Nf6 4. e5 Nfd7 5. Bd3 c5 6. c3 Nc6 7. Ne2 cxd4 8. cxd4 f6 9. exf6 Nxf6 10. Nf3 Bd6 11. 0-0 Qc7 12. h3 0-0 13. Be3 Bd7 14. Re1 Rae8 15. a3 Re7 16. Qc2 Be8 17. Ng5 h6 18. Nh7 Nxh7 19. Bxh7+ Kh8 20. Nc3 a6 21. Bd3 Rf6 22. Rac1 Na5 23. Ne2 1/2-1/2